Five Famous People by Last Name #4 - Statistics

General Stats
  • This quiz has been taken 322 times
  • The average score is 15 of 30
Answer Stats
Hint Answer % Correct
Fictional archaeologist Indiana Jones
88%
"Queen of Jazz" Ella Fitzgerald
84%
WWI U.S. President Woodrow Wilson
83%
Lead actress of "Ghost" Demi Moore
82%
Was James Bond in mostnumber of movies Roger Moore
78%
Author of "The Da Vinci Code" Dan Brown
75%
"The Great Gatsby" author F. Scott Fitzgerald
74%
She's a lady, he sang Tom Jones
66%
Whitney Houston's husband Bobby Brown
63%
Rihanna's abusive ex-boyfriend Chris Brown
61%
Portrayed Hansel in "Zoolander" Owen Wilson
60%
"Fahrenheit 9/11" director Michael Moore
54%
The Beach Boys singer Brian Wilson
53%
Scary Spice and "America's Got Talent" judge Melanie Brown
52%
Tony Blair's successor Gordon Brown
51%
Mayor of Boston whose grandson became a U.S. president John F. Fitzgerald
49%
Actress of "Still Alice" Julianne Moore
48%
He produced most ofMichael Jackson's iconic songs Quincy Jones
46%
U.S. Supreme Court justice Clarence Thomas
45%
Leader of Peoples Temple Jim Jones
36%
Went gentle into that good night Dylan Thomas
35%
Portrayed Dwight in "The Office" Rainn Wilson
33%
The Troubles started duringthis U.K. P.M.'s administration Harold Wilson
32%
"Candy" singer Mandy Moore
31%
Elliott's actor in "E.T." Henry Thomas
27%
Michael Jordan's biggest rival Isiah Thomas
27%
"The View" star Star Jones
17%
Leading receiver of the Cardinals Larry Fitzgerald
15%
Southern Unionist general whowon the Battle of Mill Springs George HenryThomas
13%
Alabaman jazz age figure Zelda Fitzgerald
5%
No matching quizzes found
Score Distribution
Percent of People with Each Score
Percentile by Number Answered
Your Score History
You have not taken this quiz